| 000 | 00790nam a2200253 i 4500 | ||
|---|---|---|---|
| 001 | bgj | ||
| 100 | 1 | _aMADDEN, T. O. Jr. | |
| 245 | 1 | 0 |
_aWe were always free : _bthe Maddens of Culpeper County, Virginia, a 200-year family history / _cT. O. Madden, Jr. with Ann L. Miller. |
| 260 |
_aNew York : _bW. W. Norton and Company, _cc. 1992 _aLondon. |
||
| 300 |
_aXXX, 218 pp : _bill. ; _c22 cm. |
||
| 504 | _aBibliography p. 169-172. | ||
| 505 | _aIncludes index. | ||
| 650 | 9 | _aMadden Family | |
| 650 | 9 |
_aAfro-Americans _zVirginia |
|
| 651 | 9 | _aVirginia | |
| 655 | _aBiographies | ||
| 700 | 1 |
_aMILLER, Ann L. _d(1954- ). _eco-author |
|
| 020 | _a0393033473 | ||
| 040 | _cBPK | ||
| 041 | 0 | _aeng | |
| 920 | _a0-393-03347-3 | ||
| 942 | _cKS | ||
| 008 | s uk f |000 0 eng | ||
| 999 |
_c47884 _d47884 |
||
| 856 |
_uhttp://koha.tu.koszalin.pl/cgi-bin/koha/opac-detail.pl?biblionumber=47884 _yKatalog online BPK |
||